000 00423nam a2200121 a 4500
001 000037478
005 20200930080404.0
008 120420s20uu pn 000 0 spa d
040 _aDO-SdBNP
_bspa
_cBNPHU
245 0 0 _aManual de siembra de peces en estanques de aguas dulces.
260 _aSantiago de Veraguas, Panama :
_bCentro de Documentación e Información de Acuicultura,
_c[200?].
300 _a[16] p. :
_bil. ;
_c22 cm.
999 _c36968
_d36968